[Event "Irena Warakomska Memorial A"]
[Site "Suwalki"]
[Date "2021.07.29"]
[Round "3"]
[White "Klimkowski, Jan"]
[Black "Lewtak, Damian"]
[Result "0-1"]
[Board "10"]
[WhiteElo "2322"]
[WhiteTitle "FM"]
[WhiteCountry "POL"]
[WhiteFideId "21856222"]
[WhiteEloChange "-8"]
[BlackElo "2380"]
[BlackTitle "IM"]
[BlackCountry "POL"]
[BlackFideId "1141724"]
[BlackEloChange "8"]

1. e4 {[%clk 1:30:58]} c6 {[%clk 1:30:56]} 2. d4 {[%clk 1:31:24]} d5 {[%clk
1:31:22]} 3. f3 {[%clk 1:31:49]} dxe4 {[%clk 1:31:24]} 4. fxe4 {[%clk 1:31:55]}
e5 {[%clk 1:31:49]} 5. Nf3 {[%clk 1:32:09]} Bg4 {[%clk 1:32:12]} 6. Bc4 {[%clk
1:32:31]} Nd7 {[%clk 1:32:28]} 7. c3 {[%clk 1:32:52]} Bd6 {[%clk 1:31:35]} 8. O-O
{[%clk 1:32:24]} Ngf6 {[%clk 1:30:11]} 9. Qb3 {[%clk 1:31:03]} O-O {[%clk
1:30:32]} 10. Qxb7 {[%clk 1:27:45]} Bxf3 {[%clk 1:26:32]} 11. gxf3 {[%clk
1:26:16]} exd4 {[%clk 1:11:45]} 12. cxd4 {[%clk 1:20:37]} Nh5 {[%clk 1:11:19]}
13. Rf2 {[%clk 0:57:19]} Bf4 {[%clk 1:02:36]} 14. Bxf4 {[%clk 0:52:33]} Nxf4
{[%clk 1:03:00]} 15. Bf1 {[%clk 0:52:11]} Rb8 {[%clk 0:58:34]} 16. Qxa7 {[%clk
0:45:55]} c5 {[%clk 0:53:41]} 17. Nc3 {[%clk 0:41:11]} Ra8 {[%clk 0:40:57]} 18.
Qb7 {[%clk 0:41:25]} Rb8 {[%clk 0:33:39]} 19. Qa7 {[%clk 0:41:48]} Ra8 {[%clk
0:34:05]} 20. Qb7 {[%clk 0:42:12]} cxd4 {[%clk 0:31:32]} 21. Nd5 {[%clk 0:39:44]}
Qg5+ {[%clk 0:31:49]} 22. Kh1 {[%clk 0:40:09]} Rfd8 {[%clk 0:31:21]} 23. Qb4
{[%clk 0:30:11]} Nxd5 {[%clk 0:29:16]} 24. exd5 {[%clk 0:30:37]} Qxd5 {[%clk
0:29:38]} 25. Rd1 {[%clk 0:24:08]} Nf6 {[%clk 0:24:14]} 26. Rfd2 {[%clk 0:21:25]}
Rxa2 {[%clk 0:21:05]} 27. Qc4 {[%clk 0:18:55]} Qa8 {[%clk 0:15:52]} 28. Bg2
{[%clk 0:17:48]} Ra1 {[%clk 0:15:59]} 29. f4 {[%clk 0:15:34]} Rxd1+ {[%clk
0:15:13]} 30. Rxd1 {[%clk 0:15:57]} Qa7 {[%clk 0:15:38]} 31. Bf3 {[%clk 0:12:01]}
h5 {[%clk 0:16:01]} 32. b4 {[%clk 0:11:08]} Qa3 {[%clk 0:13:48]} 33. Rd3 {[%clk
0:11:01]} Qb2 {[%clk 0:14:10]} 34. Rb3 {[%clk 0:11:06]} Qa1+ {[%clk 0:12:50]} 35.
Kg2 {[%clk 0:11:20]} Qa2+ {[%clk 0:13:13]} 36. Kh3 {[%clk 0:11:32]} d3 {[%clk
0:11:24]} 37. b5 {[%clk 0:11:57]} Qf2 {[%clk 0:11:02]} 0-1

[Event "Irena Warakomska Memorial A"]
[Site "Suwalki"]
[Date "2021.07.29"]
[Round "3"]
[White "Nurkiewicz, Maciej"]
[Black "Renkowski, Piotr"]
[Result "1-0"]
[Board "11"]
[WhiteElo "2342"]
[WhiteCountry "POL"]
[WhiteFideId "1107046"]
[WhiteEloChange "5"]
[BlackElo "2150"]
[BlackCountry "POL"]
[BlackFideId "1114166"]
[BlackEloChange "-5"]

1. d4 {[%clk 1:30:56]} d5 {[%clk 1:30:59]} 2. c4 {[%clk 1:31:17]} c6 {[%clk
1:31:16]} 3. Nf3 {[%clk 1:31:36]} Nf6 {[%clk 1:30:40]} 4. Nc3 {[%clk 1:31:58]} e6
{[%clk 1:31:09]} 5. e3 {[%clk 1:32:07]} Nbd7 {[%clk 1:31:13]} 6. Qc2 {[%clk
1:32:31]} Bd6 {[%clk 1:31:26]} 7. Bd3 {[%clk 1:32:49]} O-O {[%clk 1:31:09]} 8.
O-O {[%clk 1:33:12]} e5 {[%clk 1:31:10]} 9. cxd5 {[%clk 1:33:16]} cxd5 {[%clk
1:31:37]} 10. Nb5 {[%clk 1:32:55]} Bb8 {[%clk 1:31:59]} 11. dxe5 {[%clk 1:33:14]}
Nxe5 {[%clk 1:32:23]} 12. Nxe5 {[%clk 1:33:26]} Bxe5 {[%clk 1:32:47]} 13. Bd2
{[%clk 1:29:11]} a6 {[%clk 1:22:50]} 14. Nd4 {[%clk 1:29:29]} Bxd4 {[%clk
1:20:29]} 15. exd4 {[%clk 1:29:51]} Bd7 {[%clk 1:17:16]} 16. Qb3 {[%clk 1:14:52]}
Bc6 {[%clk 1:15:19]} 17. Rae1 {[%clk 1:07:13]} Qd7 {[%clk 1:09:05]} 18. f3 {[%clk
1:02:36]} Rfe8 {[%clk 0:59:51]} 19. Re5 {[%clk 1:02:27]} h6 {[%clk 0:58:15]} 20.
Rfe1 {[%clk 1:01:20]} Qd6 {[%clk 0:43:20]} 21. Bb1 {[%clk 0:58:31]} Rac8 {[%clk
0:37:39]} 22. Qe3 {[%clk 0:57:28]} Nh7 {[%clk 0:30:28]} 23. Qf4 {[%clk 0:42:39]}
Nf8 {[%clk 0:27:49]} 24. Rxe8 {[%clk 0:41:44]} 1-0

[Event "Irena Warakomska Memorial A"]
[Site "Suwalki"]
[Date "2021.07.29"]
[Round "3"]
[White "Chyzy, Jakub"]
[Black "Tomczak, Jacek"]
[Result "0-1"]
[Board "12"]
[WhiteElo "2257"]
[WhiteTitle "FM"]
[WhiteCountry "POL"]
[WhiteFideId "21806209"]
[WhiteEloChange "-2"]
[BlackElo "2603"]
[BlackTitle "GM"]
[BlackCountry "POL"]
[BlackFideId "1124668"]
[BlackEloChange "1"]

1. e4 {[%clk 1:27:39]} d5 {[%clk 1:30:51]} 2. exd5 {[%clk 1:28:03]} Qxd5 {[%clk
1:31:10]} 3. Nf3 {[%clk 1:28:15]} Bg4 {[%clk 1:31:22]} 4. Be2 {[%clk 1:28:38]}
Nc6 {[%clk 1:31:35]} 5. d4 {[%clk 1:29:03]} O-O-O {[%clk 1:31:38]} 6. Be3 {[%clk
1:29:28]} e5 {[%clk 1:31:37]} 7. c4 {[%clk 1:29:54]} Qa5+ {[%clk 1:31:50]} 8. Bd2
{[%clk 1:30:02]} Qa6 {[%clk 1:31:31]} 9. d5 {[%clk 1:08:46]} Bxf3 {[%clk
1:31:52]} 10. Bxf3 {[%clk 1:08:18]} Nd4 {[%clk 1:32:14]} 11. b3 {[%clk 1:04:04]}
f5 {[%clk 1:32:13]} 12. Bc3 {[%clk 1:00:27]} g5 {[%clk 1:14:29]} 13. O-O {[%clk
0:54:12]} g4 {[%clk 0:55:01]} 14. Bxd4 {[%clk 0:51:46]} exd4 {[%clk 0:54:34]} 15.
Be2 {[%clk 0:51:25]} Qf6 {[%clk 0:44:22]} 16. Bd3 {[%clk 0:50:39]} Bd6 {[%clk
0:44:05]} 17. f4 {[%clk 0:49:23]} gxf3 {[%clk 0:41:11]} 18. Qxf3 {[%clk 0:49:39]}
Ne7 {[%clk 0:40:52]} 19. g3 {[%clk 0:29:48]} Qg5 {[%clk 0:37:12]} 20. Bxf5+
{[%clk 0:24:57]} Kb8 {[%clk 0:37:34]} 21. Be6 {[%clk 0:24:43]} Ng6 {[%clk
0:32:50]} 22. Qg2 {[%clk 0:17:58]} h5 {[%clk 0:32:23]} 23. Qd2 {[%clk 0:13:36]}
Qe7 {[%clk 0:29:23]} 24. Rf7 {[%clk 0:11:33]} Qe8 {[%clk 0:30:11]} 25. c5 {[%clk
0:09:40]} Bxc5 {[%clk 0:28:46]} 26. b4 {[%clk 0:07:14]} Bd6 {[%clk 0:21:41]} 27.
Na3 {[%clk 0:07:39]} Ne5 {[%clk 0:21:23]} 28. Rf5 {[%clk 0:06:46]} Qa4 {[%clk
0:17:19]} 29. Nc2 {[%clk 0:00:32]} d3 {[%clk 0:17:45]} 30. Ne1 {[%clk 0:00:31]}
Bxb4 {[%clk 0:16:03]} 31. Qd1 {[%clk 0:00:58]} Bc5+ {[%clk 0:15:28]} 32. Kf1
{[%clk 0:00:31]} Qd4 {[%clk 0:14:39]} 33. Kg2 {[%clk 0:00:32]} Qg1+ {[%clk
0:11:33]} 34. Kh3 {[%clk 0:01:00]} Ng4 {[%clk 0:11:32]} 35. Qd2 {[%clk 0:00:34]}
Bf2 {[%clk 0:11:24]} 0-1

[Event "Irena Warakomska Memorial A"]
[Site "Suwalki"]
[Date "2021.07.29"]
[Round "3"]
[White "Pacuszka, Tomasz"]
[Black "Rozentalis, Eduardas"]
[Result "0-1"]
[Board "13"]
[WhiteElo "2184"]
[WhiteTitle "FM"]
[WhiteCountry "POL"]
[WhiteFideId "1119036"]
[WhiteEloChange "-3"]
[BlackElo "2520"]
[BlackTitle "GM"]
[BlackCountry "LTU"]
[BlackFideId "12800023"]
[BlackEloChange "1"]

1. e4 {[%clk 1:30:55]} e6 {[%clk 1:29:35]} 2. d4 {[%clk 1:29:21]} d5 {[%clk
1:29:55]} 3. e5 {[%clk 1:29:29]} c5 {[%clk 1:30:09]} 4. c3 {[%clk 1:29:48]} Qb6
{[%clk 1:29:22]} 5. Nf3 {[%clk 1:29:32]} Bd7 {[%clk 1:29:44]} 6. Be2 {[%clk
1:29:05]} cxd4 {[%clk 1:25:38]} 7. cxd4 {[%clk 1:29:10]} Bb5 {[%clk 1:26:04]} 8.
Nc3 {[%clk 1:27:52]} Bxe2 {[%clk 1:24:55]} 9. Nxe2 {[%clk 1:28:12]} Bb4+ {[%clk
1:24:51]} 10. Kf1 {[%clk 1:25:07]} Nc6 {[%clk 1:23:40]} 11. g3 {[%clk 1:24:20]}
Qa6 {[%clk 1:19:47]} 12. Kg2 {[%clk 1:18:51]} Nge7 {[%clk 1:19:45]} 13. a3 {[%clk
1:08:05]} Ba5 {[%clk 1:18:17]} 14. Rb1 {[%clk 1:08:18]} b5 {[%clk 1:17:28]} 15.
Qd3 {[%clk 1:08:09]} Qb7 {[%clk 1:15:58]} 16. b4 {[%clk 1:01:57]} Bd8 {[%clk
1:14:56]} 17. Bd2 {[%clk 1:01:15]} a6 {[%clk 1:13:19]} 18. Nc1 {[%clk 0:47:07]}
Bb6 {[%clk 1:03:58]} 19. Nb3 {[%clk 0:46:06]} h6 {[%clk 1:04:04]} 20. h4 {[%clk
0:45:09]} O-O {[%clk 0:58:13]} 21. h5 {[%clk 0:39:56]} f6 {[%clk 0:55:18]} 22.
exf6 {[%clk 0:32:14]} Rxf6 {[%clk 0:55:33]} 23. Bf4 {[%clk 0:26:43]} Raf8 {[%clk
0:51:36]} 24. Rbe1 {[%clk 0:25:35]} Qc8 {[%clk 0:47:18]} 25. Rh4 {[%clk 0:19:29]}
Qe8 {[%clk 0:39:39]} 26. Reh1 {[%clk 0:16:25]} Bc7 {[%clk 0:31:51]} 27. Bxc7
{[%clk 0:14:00]} Rxf3 {[%clk 0:32:05]} 28. Qxf3 {[%clk 0:14:25]} Rxf3 {[%clk
0:32:28]} 29. Kxf3 {[%clk 0:14:53]} Qc8 {[%clk 0:25:06]} 30. Bf4 {[%clk 0:13:44]}
Nf5 {[%clk 0:24:29]} 31. Rg4 {[%clk 0:12:30]} e5 {[%clk 0:21:42]} 32. Bd2 {[%clk
0:09:03]} Nfxd4+ {[%clk 0:21:09]} 33. Nxd4 {[%clk 0:09:25]} Nxd4+ {[%clk
0:21:30]} 34. Rxd4 {[%clk 0:09:40]} exd4 {[%clk 0:21:39]} 35. g4 {[%clk 0:09:54]}
Qc2 {[%clk 0:21:45]} 0-1

[Event "Irena Warakomska Memorial A"]
[Site "Suwalki"]
[Date "2021.07.29"]
[Round "3"]
[White "Nasuta, Grzegorz"]
[Black "Sowul, Bartosz"]
[Result "1-0"]
[Board "14"]
[WhiteElo "2518"]
[WhiteTitle "GM"]
[WhiteCountry "POL"]
[WhiteFideId "1141686"]
[WhiteEloChange "1"]
[BlackElo "2186"]
[BlackCountry "POL"]
[BlackFideId "1137590"]
[BlackEloChange "-3"]

1. e4 {[%clk 1:30:58]} c5 {[%clk 1:29:49]} 2. Nf3 {[%clk 1:31:19]} Nc6 {[%clk
1:30:11]} 3. Bb5 {[%clk 1:31:30]} d6 {[%clk 1:29:17]} 4. O-O {[%clk 1:30:54]} Bd7
{[%clk 1:29:38]} 5. Re1 {[%clk 1:30:18]} Nf6 {[%clk 1:29:05]} 6. c3 {[%clk
1:29:29]} a6 {[%clk 1:28:50]} 7. Bf1 {[%clk 1:29:05]} Bg4 {[%clk 1:29:03]} 8. h3
{[%clk 1:29:25]} Bxf3 {[%clk 1:24:31]} 9. Qxf3 {[%clk 1:29:47]} e6 {[%clk
1:24:56]} 10. d3 {[%clk 1:20:03]} Be7 {[%clk 1:24:26]} 11. Bf4 {[%clk 1:19:55]}
O-O {[%clk 1:23:11]} 12. Nd2 {[%clk 1:20:07]} b5 {[%clk 1:17:29]} 13. Qd1 {[%clk
1:08:53]} Re8 {[%clk 0:56:21]} 14. Bh2 {[%clk 1:03:22]} d5 {[%clk 0:53:44]} 15.
g4 {[%clk 0:50:57]} d4 {[%clk 0:37:08]} 16. e5 {[%clk 0:49:50]} Nd5 {[%clk
0:36:41]} 17. c4 {[%clk 0:46:57]} bxc4 {[%clk 0:34:15]} 18. dxc4 {[%clk 0:37:14]}
Nb6 {[%clk 0:34:29]} 19. Ne4 {[%clk 0:36:51]} Nd7 {[%clk 0:25:01]} 20. f4 {[%clk
0:36:54]} Qb6 {[%clk 0:23:30]} 21. Rb1 {[%clk 0:30:47]} Rad8 {[%clk 0:21:52]} 22.
Bd3 {[%clk 0:09:34]} Nb4 {[%clk 0:22:01]} 23. a3 {[%clk 0:09:09]} Nxd3 {[%clk
0:22:20]} 24. Qxd3 {[%clk 0:09:38]} Rb8 {[%clk 0:20:33]} 25. b3 {[%clk 0:09:49]}
Rbd8 {[%clk 0:14:16]} 26. Re2 {[%clk 0:08:49]} h6 {[%clk 0:07:19]} 27. Rf1 {[%clk
0:08:01]} Rb8 {[%clk 0:04:34]} 28. Rf3 {[%clk 0:07:51]} Qa5 {[%clk 0:02:43]} 29.
f5 {[%clk 0:04:48]} Bg5 {[%clk 0:02:59]} 30. Nd6 {[%clk 0:03:33]} Rf8 {[%clk
0:01:51]} 31. a4 {[%clk 0:02:19]} Qb4 {[%clk 0:01:12]} 32. Kg2 {[%clk 0:02:04]}
Qa3 {[%clk 0:00:50]} 33. Bg1 {[%clk 0:01:35]} Rb6 {[%clk 0:00:47]} 34. Bh2 {[%clk
0:01:07]} Rfb8 {[%clk 0:00:38]} 35. fxe6 {[%clk 0:01:12]} fxe6 {[%clk 0:01:00]}
36. Qg6 {[%clk 0:01:39]} Rxd6 {[%clk 0:00:32]} 37. Rf7 {[%clk 0:01:49]} 1-0

[Event "Irena Warakomska Memorial A"]
[Site "Suwalki"]
[Date "2021.07.29"]
[Round "3"]
[White "Janik, Igor"]
[Black "Juknis, Paulius"]
[Result "1-0"]
[Board "15"]
[WhiteElo "2500"]
[WhiteTitle "IM"]
[WhiteCountry "POL"]
[WhiteFideId "1159259"]
[WhiteEloChange "1"]
[BlackElo "2172"]
[BlackCountry "LTU"]
[BlackFideId "12802247"]
[BlackEloChange "-3"]

1. c4 {[%clk 1:30:57]} c5 {[%clk 1:30:21]} 2. Nc3 {[%clk 1:31:01]} g6 {[%clk
1:30:24]} 3. g3 {[%clk 1:31:03]} Bg7 {[%clk 1:30:19]} 4. Bg2 {[%clk 1:31:16]} Nc6
{[%clk 1:30:31]} 5. d3 {[%clk 1:30:18]} d6 {[%clk 1:27:31]} 6. Bd2 {[%clk
1:30:42]} e5 {[%clk 1:24:00]} 7. a3 {[%clk 1:30:34]} Nge7 {[%clk 1:21:58]} 8. h4
{[%clk 1:28:38]} h6 {[%clk 1:15:55]} 9. e3 {[%clk 1:26:16]} O-O {[%clk 1:12:00]}
10. Nge2 {[%clk 1:26:04]} Bg4 {[%clk 1:11:28]} 11. Qc2 {[%clk 1:24:02]} Rb8
{[%clk 1:02:18]} 12. Rb1 {[%clk 1:17:02]} a5 {[%clk 0:56:37]} 13. Nd5 {[%clk
1:14:02]} Nxd5 {[%clk 0:50:37]} 14. cxd5 {[%clk 1:14:10]} Ne7 {[%clk 0:50:51]}
15. Qa4 {[%clk 1:14:07]} Bxe2 {[%clk 0:50:40]} 16. Kxe2 {[%clk 1:14:35]} b6
{[%clk 0:50:27]} 17. h5 {[%clk 0:58:21]} g5 {[%clk 0:44:59]} 18. g4 {[%clk
0:55:11]} f5 {[%clk 0:41:42]} 19. gxf5 {[%clk 0:53:48]} Nxf5 {[%clk 0:41:59]} 20.
Bh3 {[%clk 0:48:34]} Qf6 {[%clk 0:39:41]} 21. Qe4 {[%clk 0:47:53]} Nh4 {[%clk
0:34:19]} 22. Rbf1 {[%clk 0:44:05]} Rbe8 {[%clk 0:27:46]} 23. Bg4 {[%clk
0:42:26]} Kh8 {[%clk 0:24:33]} 24. a4 {[%clk 0:42:23]} Qf7 {[%clk 0:22:34]} 25.
Bc3 {[%clk 0:33:45]} Qg8 {[%clk 0:21:24]} 26. Rh3 {[%clk 0:27:26]} Qh7 {[%clk
0:20:22]} 27. Ra1 {[%clk 0:25:31]} Nf5 {[%clk 0:17:51]} 28. Rf3 {[%clk 0:23:03]}
Nh4 {[%clk 0:17:03]} 29. Rh3 {[%clk 0:20:48]} Nf5 {[%clk 0:15:32]} 30. Be1 {[%clk
0:20:36]} Ne7 {[%clk 0:15:13]} 31. Ra3 {[%clk 0:20:15]} Ng8 {[%clk 0:13:12]} 32.
Rb3 {[%clk 0:18:37]} Rb8 {[%clk 0:13:00]} 33. Be6 {[%clk 0:15:43]} Nf6 {[%clk
0:12:59]} 34. Qxh7+ {[%clk 0:15:40]} Kxh7 {[%clk 0:13:17]} 35. e4 {[%clk
0:15:52]} Rfd8 {[%clk 0:12:57]} 36. Kd2 {[%clk 0:12:41]} Ne8 {[%clk 0:05:31]} 37.
Kc3 {[%clk 0:10:38]} Bf6 {[%clk 0:05:24]} 38. Kc4 {[%clk 0:07:01]} Nc7 {[%clk
0:05:47]} 39. Rf3 {[%clk 0:07:10]} Kg7 {[%clk 0:06:03]} 40. Bc3 {[%clk 0:37:02]}
Rf8 {[%clk 0:35:09]} 41. Ra3 {[%clk 0:36:23]} Rfe8 {[%clk 0:30:43]} 42. Bf5
{[%clk 0:36:07]} Rf8 {[%clk 0:30:40]} 43. Bg6 {[%clk 0:36:24]} Rfd8 {[%clk
0:29:25]} 44. Ra1 {[%clk 0:32:31]} Rf8 {[%clk 0:29:42]} 45. Rg1 {[%clk 0:30:50]}
Rbd8 {[%clk 0:29:31]} 46. Rg2 {[%clk 0:28:17]} Rb8 {[%clk 0:29:44]} 47. Bf5
{[%clk 0:27:26]} Rbd8 {[%clk 0:29:06]} 48. Be6 {[%clk 0:27:01]} Rde8 {[%clk
0:28:33]} 49. Bd7 {[%clk 0:26:42]} Rd8 {[%clk 0:28:52]} 50. Bc6 {[%clk 0:27:11]}
Rf7 {[%clk 0:25:20]} 51. Rf5 {[%clk 0:27:16]} Rff8 {[%clk 0:23:10]} 52. f4 {[%clk
0:21:58]} exf4 {[%clk 0:21:05]} 53. Rxf4 {[%clk 0:22:21]} Bxc3 {[%clk 0:13:56]}
54. Rxf8 {[%clk 0:22:39]} Rxf8 {[%clk 0:13:37]} 55. bxc3 {[%clk 0:23:05]} Kf6
{[%clk 0:12:12]} 56. Bd7 {[%clk 0:17:16]} Ke7 {[%clk 0:11:04]} 57. Bf5 {[%clk
0:16:49]} Rb8 {[%clk 0:09:59]} 58. Rf2 {[%clk 0:12:24]} Rf8 {[%clk 0:09:50]} 59.
Rb2 {[%clk 0:12:07]} Rb8 {[%clk 0:10:15]} 60. d4 {[%clk 0:12:05]} cxd4 {[%clk
0:10:17]} 61. cxd4 {[%clk 0:12:27]} Na6 {[%clk 0:08:31]} 62. Kb5 {[%clk 0:10:55]}
Nb4 {[%clk 0:08:49]} 63. Rf2 {[%clk 0:10:18]} Nd3 {[%clk 0:06:01]} 64. Rc2 {[%clk
0:10:20]} Rb7 {[%clk 0:06:17]} 65. Rc8 {[%clk 0:09:39]} Kf6 {[%clk 0:03:04]} 66.
Rd8 {[%clk 0:09:07]} 1-0

[Event "Irena Warakomska Memorial A"]
[Site "Suwalki"]
[Date "2021.07.29"]
[Round "3"]
[White "Zylka, Stanislaw"]
[Black "Wikar, Martyna"]
[Result "1-0"]
[Board "16"]
[WhiteElo "2362"]
[WhiteTitle "FM"]
[WhiteCountry "POL"]
[WhiteFideId "1189654"]
[WhiteEloChange "5"]
[BlackElo "2168"]
[BlackCountry "POL"]
[BlackFideId "21807663"]
[BlackEloChange "-5"]

1. d4 {[%clk 1:30:55]} Nf6 {[%clk 1:27:21]} 2. c4 {[%clk 1:31:17]} g6 {[%clk
1:27:12]} 3. Nc3 {[%clk 1:31:37]} Bg7 {[%clk 1:27:11]} 4. e4 {[%clk 1:32:01]} d6
{[%clk 1:27:32]} 5. Nf3 {[%clk 1:32:22]} O-O {[%clk 1:27:04]} 6. Be2 {[%clk
1:32:48]} Nc6 {[%clk 1:25:48]} 7. O-O {[%clk 1:32:40]} e5 {[%clk 1:25:22]} 8. d5
{[%clk 1:32:53]} Ne7 {[%clk 1:24:21]} 9. b4 {[%clk 1:30:16]} a5 {[%clk 1:24:24]}
10. bxa5 {[%clk 1:30:22]} Rxa5 {[%clk 1:22:18]} 11. a4 {[%clk 1:28:57]} Nd7
{[%clk 1:19:52]} 12. Nd2 {[%clk 1:25:02]} f5 {[%clk 1:16:33]} 13. Nb3 {[%clk
1:24:40]} Ra8 {[%clk 1:16:36]} 14. f3 {[%clk 1:18:29]} f4 {[%clk 1:14:22]} 15.
Ba3 {[%clk 1:12:44]} b6 {[%clk 1:13:48]} 16. a5 {[%clk 1:12:14]} Ba6 {[%clk
1:08:35]} 17. axb6 {[%clk 1:02:08]} Nxb6 {[%clk 1:08:55]} 18. Na5 {[%clk
1:01:32]} g5 {[%clk 1:06:02]} 19. Kh1 {[%clk 0:47:13]} Rf6 {[%clk 1:03:38]} 20.
c5 {[%clk 0:45:14]} Bxe2 {[%clk 1:02:07]} 21. Qxe2 {[%clk 0:45:34]} Rxa5 {[%clk
0:52:01]} 22. cxb6 {[%clk 0:45:54]} cxb6 {[%clk 0:52:05]} 23. Bb4 {[%clk
0:45:42]} Rxa1 {[%clk 0:48:01]} 24. Rxa1 {[%clk 0:46:04]} g4 {[%clk 0:45:43]} 25.
fxg4 {[%clk 0:44:15]} f3 {[%clk 0:42:49]} 26. gxf3 {[%clk 0:44:21]} Ng6 {[%clk
0:42:51]} 27. Nb5 {[%clk 0:40:04]} Nf4 {[%clk 0:38:43]} 28. Qa2 {[%clk 0:34:09]}
Bf8 {[%clk 0:30:20]} 29. Bd2 {[%clk 0:16:22]} Qd7 {[%clk 0:19:43]} 30. Qc4 {[%clk
0:16:00]} Qg7 {[%clk 0:19:00]} 31. Bxf4 {[%clk 0:13:45]} Rxf4 {[%clk 0:18:40]}
32. Kg2 {[%clk 0:13:18]} h5 {[%clk 0:16:48]} 33. h3 {[%clk 0:13:37]} Qg5 {[%clk
0:12:55]} 34. Nc7 {[%clk 0:09:08]} Rf7 {[%clk 0:10:50]} 35. Qc1 {[%clk 0:09:21]}
Qf6 {[%clk 0:08:58]} 36. Ra3 {[%clk 0:09:38]} Bh6 {[%clk 0:06:48]} 37. Qc2 {[%clk
0:09:40]} hxg4 {[%clk 0:06:16]} 38. hxg4 {[%clk 0:10:01]} Bf4 {[%clk 0:05:21]}
39. Ne6 {[%clk 0:09:52]} Qh6 {[%clk 0:03:19]} 40. Nxf4 {[%clk 0:37:36]} Qxf4
{[%clk 0:33:28]} 41. Rc3 {[%clk 0:36:53]} b5 {[%clk 0:32:37]} 42. Qc1 {[%clk
0:33:11]} Qxc1 {[%clk 0:22:04]} 43. Rxc1 {[%clk 0:33:35]} b4 {[%clk 0:20:53]} 44.
Rb1 {[%clk 0:33:33]} Rb7 {[%clk 0:21:15]} 45. Rb3 {[%clk 0:32:58]} Kg7 {[%clk
0:21:20]} 46. Kf2 {[%clk 0:28:09]} Kf6 {[%clk 0:20:16]} 47. Ke3 {[%clk 0:28:24]}
Kg5 {[%clk 0:20:18]} 48. Kd3 {[%clk 0:28:45]} Kf4 {[%clk 0:20:15]} 49. Kc4 {[%clk
0:29:09]} Rb8 {[%clk 0:20:18]} 50. Rd3 {[%clk 0:24:59]} Rb7 {[%clk 0:20:09]} 51.
Kb3 {[%clk 0:22:26]} Rb6 {[%clk 0:17:28]} 52. Ka4 {[%clk 0:22:47]} Rb7 {[%clk
0:17:53]} 53. Rb3 {[%clk 0:23:04]} Rb8 {[%clk 0:17:04]} 54. Ka5 {[%clk 0:23:24]}
Kg3 {[%clk 0:16:27]} 55. Rxb4 {[%clk 0:16:56]} Ra8+ {[%clk 0:16:43]} 56. Kb6
{[%clk 0:17:05]} Rb8+ {[%clk 0:16:30]} 57. Ka5 {[%clk 0:17:29]} Ra8+ {[%clk
0:16:55]} 58. Kb5 {[%clk 0:17:55]} Kxf3 {[%clk 0:17:02]} 59. Kc6 {[%clk 0:17:48]}
Ra6+ {[%clk 0:14:14]} 60. Kb7 {[%clk 0:18:10]} Ra1 {[%clk 0:13:08]} 61. Kc7
{[%clk 0:18:11]} Kxg4 {[%clk 0:09:10]} 62. Kxd6 {[%clk 0:18:24]} Kf4 {[%clk
0:09:31]} 63. Ke6 {[%clk 0:18:49]} Rh1 {[%clk 0:08:17]} 64. d6 {[%clk 0:19:08]}
Rh6+ {[%clk 0:07:37]} 65. Kd5 {[%clk 0:19:32]} Rh7 {[%clk 0:07:46]} 66. Kc6
{[%clk 0:19:57]} 1-0

[Event "Irena Warakomska Memorial A"]
[Site "Suwalki"]
[Date "2021.07.29"]
[Round "3"]
[White "Golecki, Jan"]
[Black "Kucza, Karol"]
[Result "0-1"]
[Board "17"]
[WhiteElo "2161"]
[WhiteCountry "POL"]
[WhiteFideId "1184008"]
[WhiteEloChange "-5"]
[BlackElo "2337"]
[BlackTitle "FM"]
[BlackCountry "POL"]
[BlackFideId "1159755"]
[BlackEloChange "5"]

1. e4 {[%clk 1:30:01]} e5 {[%clk 1:30:52]} 2. Nf3 {[%clk 1:25:42]} Nc6 {[%clk
1:31:10]} 3. Bb5 {[%clk 1:26:07]} a6 {[%clk 1:31:11]} 4. Ba4 {[%clk 1:26:29]} Nf6
{[%clk 1:31:32]} 5. O-O {[%clk 1:26:38]} Nxe4 {[%clk 1:30:41]} 6. d4 {[%clk
1:24:59]} b5 {[%clk 1:31:04]} 7. Bb3 {[%clk 1:25:25]} d5 {[%clk 1:31:28]} 8. dxe5
{[%clk 1:25:29]} Be6 {[%clk 1:31:50]} 9. Qe2 {[%clk 1:22:37]} Be7 {[%clk
1:31:57]} 10. Rd1 {[%clk 1:18:43]} O-O {[%clk 1:32:16]} 11. c3 {[%clk 1:13:12]}
Nc5 {[%clk 1:22:27]} 12. Bc2 {[%clk 1:12:41]} Bg4 {[%clk 1:17:12]} 13. h3 {[%clk
1:12:18]} Bh5 {[%clk 1:16:17]} 14. Nbd2 {[%clk 0:49:54]} Qd7 {[%clk 1:07:57]} 15.
Nb3 {[%clk 0:45:16]} Na4 {[%clk 0:55:41]} 16. Nbd4 {[%clk 0:36:46]} Nxd4 {[%clk
0:54:51]} 17. cxd4 {[%clk 0:36:05]} Nb6 {[%clk 0:48:51]} 18. Bf4 {[%clk 0:34:22]}
Rae8 {[%clk 0:46:19]} 19. Rac1 {[%clk 0:30:40]} Bd8 {[%clk 0:46:14]} 20. g4
{[%clk 0:26:52]} Bg6 {[%clk 0:42:24]} 21. Bxg6 {[%clk 0:24:53]} fxg6 {[%clk
0:38:32]} 22. Bg3 {[%clk 0:24:10]} h5 {[%clk 0:38:42]} 23. Nh4 {[%clk 0:21:45]}
Bxh4 {[%clk 0:37:13]} 24. Bxh4 {[%clk 0:22:09]} Nc4 {[%clk 0:36:00]} 25. b3
{[%clk 0:21:04]} Nd6 {[%clk 0:36:19]} 26. Qd3 {[%clk 0:20:49]} g5 {[%clk
0:30:37]} 27. Bg3 {[%clk 0:08:48]} Ne4 {[%clk 0:30:35]} 28. e6 {[%clk 0:02:46]}
Qxe6 {[%clk 0:29:58]} 29. gxh5 {[%clk 0:02:35]} Qxh3 {[%clk 0:29:14]} 30. Rxc7
{[%clk 0:02:44]} Qxh5 {[%clk 0:28:41]} 31. Kg2 {[%clk 0:01:18]} 0-1